000 00524nam a2200181Ia 4500
001 9169
005 20260306160703.0
008 260306t2011||||xx |||||||||||||| ||spa||
041 _aESP
082 _a374.0124
_bP43 2011
100 _aMinisterio de Educación - PRONAMA
_eAUT
245 0 _aEl Perú libre de analfabetismo:
_b1 millón 670 mil alfabetizados - 2 millones 750 mil iletrados atendidos -
260 _c2011
300 _a72 páginas :
_c30 cm.
650 _aGEN
654 _aCED
942 _cLIB
_dJUS
_fJUS
_2ddc
_n
999 _c9169
_d9169